000 00535nam a22001937a 4500
003 KOHA_MİRAKIL
005 20251119155000.0
008 251119b tu ||||| |||| 00| 0 tur d
020 _a9786053754473
040 _aTR-AnABB
_btur
_cTR-AnABB
041 _atur
082 _a823.912
_bPEA 2015
100 1 _aPeake, Mervyn,
245 1 0 _aTitus tek başına /
_cMervyn Peake
260 _aİstanbul :
_bİthaki Yayınları,
_c2015
300 _a312 sayfa ;
_c22 cm
650 0 4 _aİngiliz edebiyatı, roman
942 _2ddc
_cBK
999 _c9543
_d9543
900 _bGizem YORULMAZ